000 00368nam a2200169Ia 4500
100 _aWhitehead/Geoffrey
650 _aGeneral
942 _cBK
366 _f20
654 _ateambuilder
245 _aHow to be a better Teambuilder
260 _bKogan Page
_aNew Delhi
_c2005
082 _a658.3128/WHI
_bWHI
300 _a156
546 _aENGLISH
999 _c19113
_d19113